Property valuation principles. (Record no. 101260)
[ view plain ]
| 000 -LEADER | |
|---|---|
| fixed length control field | 01144cam a2200289 4500 |
| 001 - CONTROL NUMBER | |
| control field | L111583 |
| 008 - FIXED-LENGTH DATA ELEMENTS--GENERAL INFORMATION | |
| fixed length control field | 160211n2012 000 0 eng u |
| 020 ## - INTERNATIONAL STANDARD BOOK NUMBER | |
| International Standard Book Number | 9780333921142 |
| 035 ## - SYSTEM CONTROL NUMBER | |
| System control number | (Sirsi) u111583 |
| 041 ## - LANGUAGE CODE | |
| Language code of text/sound track or separate title | eng |
| 050 ## - LIBRARY OF CONGRESS CALL NUMBER | |
| Classification number | 333.332 |
| 100 ## - MAIN ENTRY--PERSONAL NAME | |
| Personal name | Isaac, David |
| 245 ## - TITLE STATEMENT | |
| Title | Property valuation principles. |
| 260 ## - PUBLICATION, DISTRIBUTION, ETC. | |
| Place of publication, distribution, etc. | Basingstoke |
| Name of publisher, distributor, etc. | Palgrave Macmillan |
| Date of publication, distribution, etc. | 2001 |
| 300 ## - PHYSICAL DESCRIPTION | |
| Extent | ix,238p. |
| Dimensions | 24cm. |
| 520 ## - SUMMARY, ETC. | |
| Summary, etc. | Provides a basic introduction to the principles and methodology of property valuation. Includes an overview of the property market, looks at the role of the valuer and five core valuation methods which are comparitive, profits, contractors, residual and investment both the traditional and discounted cash flow approaches. Concludes with a look at yields, gearing and growth. Each chapter contains a series of self-assessment questions with answers. |
| 590 ## - LOCAL NOTE (RLIN) | |
| Local note | KA |
| 650 24 - SUBJECT ADDED ENTRY--TOPICAL TERM | |
| Topical term or geographic name entry element | COMPARATIVE METHOD |
| 650 24 - SUBJECT ADDED ENTRY--TOPICAL TERM | |
| Topical term or geographic name entry element | PROFITS |
| 650 24 - SUBJECT ADDED ENTRY--TOPICAL TERM | |
| Topical term or geographic name entry element | CONTRACTORS METHOD |
| 650 24 - SUBJECT ADDED ENTRY--TOPICAL TERM | |
| Topical term or geographic name entry element | RESIDUAL |
| 650 24 - SUBJECT ADDED ENTRY--TOPICAL TERM | |
| Topical term or geographic name entry element | DISCOUNT CASH FLOW |
| 650 ## - SUBJECT ADDED ENTRY--TOPICAL TERM | |
| Topical term or geographic name entry element | YIELDS |
| 651 #4 - SUBJECT ADDED ENTRY--GEOGRAPHIC NAME | |
| Geographic name | United Kingdom |
| Chronological subdivision | |
| 690 ## - LOCAL SUBJECT ADDED ENTRY--TOPICAL TERM (OCLC, RLIN) | |
| Topical term or geographic name as entry element | Valuation |
| 9 (RLIN) | 6273 |
| 942 ## - ADDED ENTRY ELEMENTS (KOHA) | |
| Suppress in OPAC | 0 |
| Withdrawn status | Lost status | Source of classification or shelving scheme | Damaged status | Not for loan | Home library | Current library | Shelving location | Date acquired | Cost, normal purchase price | Total Checkouts | Full call number | Barcode | Date last seen | Copy number | Cost, replacement price | Price effective from | Koha item type | Date last checked out |
|---|---|---|---|---|---|---|---|---|---|---|---|---|---|---|---|---|---|---|
| Dewey Decimal Classification | London | London | Basement | 30/11/2001 | 30.58 | BASEMENT 61 | 30078281 | 06/08/2019 | 1 | 30.58 | 06/08/2019 | Book | ||||||
| Missing | London | London | Missing | 30/11/2001 | 30.58 | 69 | BASEMENT 61 | 30064126 | 06/08/2019 | 2 | 30.58 | 06/08/2019 | Book | 28/10/2009 | ||||
| Missing | London | London | Missing | 25/11/2004 | 21.99 | 49 | BASEMENT 61 | 30069615 | 06/08/2019 | 3 | 21.99 | 06/08/2019 | Book | 22/02/2016 |